| 000 | 00919nam a22003011 4500 | ||
|---|---|---|---|
| 001 | 4084454 | ||
| 003 | OSt | ||
| 005 | 20230916151443.0 | ||
| 008 | 781107s1969 enka b 000 0 eng | ||
| 010 | _a 72478283 | ||
| 015 | _aB69-13722 | ||
| 020 | _a9781138694941 | ||
| 040 |
_aDLC _cDLC _dDLC |
||
| 050 | 0 | 0 |
_aPR508.L3 _bL4 |
| 082 | 0 | 0 |
_a821.009 _bLEE/L |
| 100 | 1 |
_aLeech, Geoffrey N. _96581 |
|
| 245 | 1 | 2 |
_aA linguistic guide to English poetry _c[by] Geoffrey N. Leech. |
| 260 |
_aHarlow, _bLongmans, _c1969. |
||
| 300 |
_axvi, 240 p. _billus. _c23 cm. |
||
| 350 | _a30/- | ||
| 490 | 0 | _aEnglish language series | |
| 504 | _aBibliography: p. [229]-232. | ||
| 650 | 0 |
_aEnglish poetry _xHistory and criticism. |
|
| 650 | 0 | _aPoetics. | |
| 650 | 0 |
_aEnglish language _xStyle. |
|
| 906 |
_a7 _bcbc _corignew _d1 _encip _f19 _gy-gencatlg |
||
| 942 |
_2ddc _cBK _h821.009 _iLEE/L _k821.009 _mLEE/L |
||
| 999 |
_c42194 _d42194 |
||